01359nam a22002657a 45000010005000000030006000050050017000110080041000280200018000690400029000870500018001160820012001341000023001462450131001692500041003002600040003413000039003815050007004205200540004275210021009675210018009886500021010066500036010277000030010637160FISKH20250630150210.0250630b cb ||||| |||| 00| 0 eng d a9780553157598 aFISKHbengcFISKHdFISKH aPZ7.S8486 R86 a 813.54 aStewart, Mia Molly aSweet valley kids :bRunaway hamster /cWritten by Molly Mia Stewart ; Created by Francine Pascal ; Illustrated by Ying-Hwa Hu aThis edition first published in 1989 aNew York :bA Bantam Skylark,c1989 a73 pages :billustrations ;c20 cm aG  aElizabeth and Jessica Wakefield love being the only twins in their second-grade class. They wear matching outfits to school every day and always sit together. But twins don't always like the same things. Elizabeth is excited about taking the class hamster, Tinkerbell, home for winter vacation. But Jessica thinks Tinkerbell is disgusting. When it's Jessica's turn to feed the hamster, she forgets to shut the cage door tightly--and Tinkerbell escapes! Will the twins find Tinkerbell? If they don't, what will they tell their friends? 8 a380 bLexile 8 aG bRaz-Plus  2HamstersaValley 2Sweet ValleyaHamsters--Fiction aHu, Ying-Hwadillustrator